| 000 | 00989nam a2200289 i 4500 | ||
|---|---|---|---|
| 003 | DO-SdBNP | ||
| 005 | 20230703110636.0 | ||
| 007 | ta | ||
| 008 | 230703b2021 dr ac||| |||| 00| 0 spa d | ||
| 020 | _a9789945454659 | ||
| 040 |
_aDO-SdBNP _bspa _cBNPHU _erda |
||
| 082 | 4 | _222 | |
| 100 |
_9775 _aCastro Ventura, Santiago, _d1949- _eautor |
||
| 245 | 1 | 3 |
_aEl turbulento ascenso de la medicina / _cSantiago Castro Ventura ; prólogo, Alejandro Pichardo |
| 264 | 1 |
_aSanto Domingo : _bManatí, _c2021. |
|
| 300 |
_axii, 591 páginas : _bilustraciones, retratos ; _c23 cm. |
||
| 336 |
_2rdacontent _atexto _btxt |
||
| 337 |
_2rdamedia _asin mediación _bn |
||
| 338 |
_2rdacarrier _avolumen _bnc |
||
| 500 | _aIncluye datos biográficos del autor en la solapa de la cubierta | ||
| 500 | _aIncluye índice onomástico | ||
| 504 | _aBibliografía : p. 555-568 | ||
| 590 | _aInventariado, 2023/BT | ||
| 700 | 1 |
_aPichardo, Alejandro, _eprólogo _9238 |
|
| 910 | _aBtavárez | ||
| 942 |
_2ddc _cLBS1 |
||
| 999 |
_c54047 _d54047 |
||